000
00296nam a2200109Ia 4500
008
201210s9999 xx 000 0 und d
100
_a
Gregoire, Roger
245
0
_a
(The) University teaching of social sciences
_b
businmess management
260
_a
Paris
_b
UNESCO
_c
1960
300
_a
220
942
_c
BK
999
_c
5207
_d
5207